Statistics for Richmond tigers lineup 2020

Click here to take the quiz!

General Stats

  • This quiz has been taken 43 times
    (38 since last reset)
  • The average score is 19 of 44

Answer Stats

NumbersPlayer% Correct
2Dylan Grimes
91%
4Dustin Martin (Dusty)
83%
9Trent Cotchin
78%
3Dion Prestia
74%
8Jack Riewoldt
65%
25Toby Nankervis
65%
19Tom Lynch
65%
17Daniel Rioli
61%
7Liam Baker
61%
1Nick Vlastuin
61%
10Shane Edwards
61%
14Bachar Houli
57%
20Ivan Soldo
57%
15Jayden Short
57%
5Jack Ross
52%
33Kamdyn McIntosh
52%
50Marlin Pickett
52%
21Noah Balta
52%
18Alex Rance
48%
12David Astbury
48%
11Jason Castagna
48%
22Josh Caddy
48%
23Kane Lambert
48%
39Jake Aarts
43%
29Shai Bolton
43%
34Jack Graham
39%
41Mabior Chol
39%
35Nathan Broad
39%
6Patrick Naish
35%
26Riley Collier Dawkins
30%
45Hugo Ralphsmith
22%
13Jack Higgins
22%
42Ryan Garthwaite
22%
44Sydney Stack
22%
40Callum Coleman-Jones
17%
38Noah Cumberland
17%
31Oleg Markov
17%
27Thomas Dow
17%
36Will Martyn
17%
46Ben Miller
13%
47Bigoa Nyuon
9%
43Derek Eggmolese Smith
9%
28Fraser Turner
9%
32Luke English
9%

Score Distribution

Percentile by Number Answered

Percent of People with Each Score

Your Score History

You have not taken this quiz since the last reset